Normal view
MARC view
- المحاكمات الجزائية - القانون الجنائي- الاردن
Entry Topical Term
001 - CONTROL NUMBER
- control field: 25253
003 - CONTROL NUMBER IDENTIFIER
- control field: JO-AjAnu
005 - DATE AND TIME OF LATEST TRANSACTION
- control field: 20230606074322.0
008 - FIXED-LENGTH DATA ELEMENTS
- fixed length control field: 230606|| aca||aabn | a|a d
040 ## - CATALOGING SOURCE
- Original cataloging agency: JO-AjAnu
- Transcribing agency: JO-AjAnu
150 ## - HEADING--TOPICAL TERM
- Topical term or geographic name entry element: المحاكمات الجزائية - القانون الجنائي- الاردن
670 ## - SOURCE DATA FOUND
- Source citation: Work cat.: (JO-AjAnu)12988: جوخدار، حسن, author 25252, شرح قانون أصول المحاكمات الجزائية الأردني: (دراسة مقارنة)، ج1+ج2